000 00792nam a2200241Ia 4500
003 OSt
005 20220923222002.0
006 a|||||r|||| 00| 0
007 ta
008 220922b |||||||| |||| 00| 0 hin d
024 _a201,488
037 _cTextual
040 _aARTS
_cARTS
_bhin
041 _2hin
_ahin
082 _aV2:72.C, 15M9
100 _aपाण्डेय, राजवली
245 0 _aअशोक के अभिलेख
246 _aAshok ke abhilekha
260 _aवाराणसी
_b ज्ञानमंडल प्रकाशन
_c1965
490 _aविविध पृष्ठाकंन प्लेटस 68
942 _hV2:72.C, 15M9
_cTEXL
_2CC
999 _c353141
_d353141